Perspektívy slovenskej bibliografie

Bibliographic Details
Main Author: Štefánik, Ján (Author)
Format: Article
Language:Slovak

MARC

LEADER 00000nab a2200000ua 4500
001 vtls010813545
003 SK-MaSNL
005 20260303102912.0
008 230121s1955 xo |||||||||||||||||slo|
035 |a (urnnbn)urn:nbn:sk:snk:ar-a00qeb 
035 |a urn:nbn:sk:snk-ab5il8 
035 |a (uuid)ce6d3ea8-4b67-4d6f-8ae4-7eea919fc860 
040 |a SNKBUCL  |b slo  |c SNKBUCL  |e AACR2 
041 0 |a slo 
044 |a xo  |c SK 
100 1 |a Štefánik, Ján  |4 aut  |9 269321 
245 1 0 |a Perspektívy slovenskej bibliografie  |c Ján Štefánik 
773 0 |t Knižnica : časopis pre knižnú kultúru  |g Roč. 7, č. 2 (1955), s. 51-55 
954 |a odborná, vedecká literatúra pôvodná (slovenská)  |2 lita 
958 |a OND 
958 |a EUIPO 
958 |a article5 
999 |c 1845913  |d 1847843